[Event "Amateur Tournament (ATO)"]
[Site "https://www.chess.com"]
[Date "2025.07.21"]
[Round "6"]
[White "Schmid, Nicola"]
[Black "Lesniak, Julien"]
[Result "1-0"]
[Board "9"]
[WhiteFideId "1320769"]
[BlackFideId "1303074"]
[WhiteElo "1910"]
[BlackElo "1741"]
[WhiteTeam "SUI"]
[BlackTeam "SUI"]
[WhiteClock "0:20:54"]
[BlackClock "0:11:05"]
[Variant "Standard"]

1. d4 {[%clk 1:31:00]}  Nf6 {[%clk 1:30:37]} 2. Nf3 {[%clk 1:31:24]}  g6 {[%clk 1:30:10]} 3. Nc3 {[%clk 1:29:58]}  Bg7 {[%clk 1:25:22]} 4. e4 {[%clk 1:28:50]}  d6 {[%clk 1:25:23]} 5. Bg5 {[%clk 1:28:19]}  O-O {[%clk 1:24:15]} 6. h3 {[%clk 1:24:12]}  Nbd7 {[%clk 1:21:26]} 7. e5 {[%clk 1:21:19]}  dxe5 {[%clk 1:16:18]} 8. dxe5 {[%clk 1:21:09]}  Ne8 {[%clk 1:15:11]} 9. Bc4 {[%clk 1:04:31]}  h6 {[%clk 1:11:32]} 10. e6 {[%clk 1:00:45]}  Nd6 {[%clk 1:01:06]} 11. Bb3 {[%clk 0:51:47]}  Nc5 {[%clk 0:47:40]} 12. exf7+ {[%clk 0:50:37]}  Kh7 {[%clk 0:46:28]} 13. Be3 {[%clk 0:44:08]}  Nxb3 {[%clk 0:43:52]} 14. axb3 {[%clk 0:42:34]}  a6 {[%clk 0:40:55]} 15. Ra4 {[%clk 0:39:14]}  Be6 {[%clk 0:36:14]} 16. Qe2 {[%clk 0:37:16]}  Bxf7 {[%clk 0:35:50]} 17. Rh4 {[%clk 0:34:40]}  Nf5 {[%clk 0:28:20]} 18. Ng5+ {[%clk 0:31:34]}  Kg8 {[%clk 0:28:35]} 19. Nxf7 {[%clk 0:30:56]}  Rxf7 {[%clk 0:27:24]} 20. Re4 {[%clk 0:30:44]}  Nd6 {[%clk 0:19:10]} 21. Re6 {[%clk 0:28:33]}  Rf6 {[%clk 0:18:41]} 22. Bd4 {[%clk 0:27:08]}  Rxe6 {[%clk 0:17:59]} 23. Qxe6+ {[%clk 0:27:23]}  Kh7 {[%clk 0:17:52]} 24. Bxg7 {[%clk 0:26:57]}  Kxg7 {[%clk 0:18:17]} 25. Nd5 {[%clk 0:26:16]}  Nf5 {[%clk 0:15:12]} 26. Qe5+ {[%clk 0:20:54]}  Kh7 {[%clk 0:11:05]} 1-0

[Event "Amateur Tournament (ATO)"]
[Site "https://www.chess.com"]
[Date "2025.07.21"]
[Round "6"]
[White "Hirzel, Robin"]
[Black "Kalbermatter, Philipp"]
[Result "1/2-1/2"]
[Board "10"]
[WhiteFideId "1342320"]
[BlackFideId "1327976"]
[WhiteElo "1795"]
[BlackElo "1908"]
[WhiteTeam "SUI"]
[BlackTeam "SUI"]
[WhiteClock "1:22:26"]
[BlackClock "0:39:32"]
[Variant "Standard"]

1. c4 {[%clk 1:30:53]}  e5 {[%clk 1:30:09]} 2. Nc3 {[%clk 1:31:19]}  Nf6 {[%clk 1:29:51]} 3. g3 {[%clk 1:31:43]}  c6 {[%clk 1:28:41]} 4. Bg2 {[%clk 1:31:21]}  d5 {[%clk 1:28:08]} 5. cxd5 {[%clk 1:29:18]}  cxd5 {[%clk 1:28:06]} 6. d3 {[%clk 1:29:25]}  d4 {[%clk 1:23:34]} 7. Ne4 {[%clk 1:29:37]}  Nxe4 {[%clk 1:22:32]} 8. Bxe4 {[%clk 1:29:54]}  Bb4+ {[%clk 1:20:13]} 9. Bd2 {[%clk 1:30:03]}  Bxd2+ {[%clk 1:19:28]} 10. Qxd2 {[%clk 1:30:26]}  O-O {[%clk 1:14:31]} 11. h4 {[%clk 1:28:37]}  Nc6 {[%clk 1:12:23]} 12. Qg5 {[%clk 1:27:28]}  Be6 {[%clk 0:39:32]} 13. Nf3 {[%clk 1:22:26]} 1/2-1/2

[Event "Amateur Tournament (ATO)"]
[Site "https://www.chess.com"]
[Date "2025.07.21"]
[Round "6"]
[White "Runge, Bernd"]
[Black "Meshach, Felix"]
[Result "0-1"]
[Board "11"]
[WhiteFideId "533024090"]
[BlackFideId "1342959"]
[WhiteElo "1642"]
[BlackElo "1905"]
[WhiteTeam "GER"]
[BlackTeam "SUI"]
[WhiteClock "0:31:28"]
[BlackClock "0:51:59"]
[Variant "Standard"]

1. g3 {[%clk 1:30:51]}  e6 {[%clk 1:29:57]} 2. c4 {[%clk 1:30:40]}  f5 {[%clk 1:28:18]} 3. b3 {[%clk 1:25:58]}  Nf6 {[%clk 1:27:25]} 4. Bb2 {[%clk 1:25:07]}  d5 {[%clk 1:21:10]} 5. e3 {[%clk 1:21:17]}  c6 {[%clk 1:21:22]} 6. Nf3 {[%clk 1:18:06]}  Bd6 {[%clk 1:20:12]} 7. Bg2 {[%clk 1:06:14]}  O-O {[%clk 1:18:04]} 8. O-O {[%clk 1:05:01]}  Bd7 {[%clk 1:17:28]} 9. Ne5 {[%clk 1:01:33]}  Be8 {[%clk 1:07:43]} 10. f4 {[%clk 1:00:25]}  Nbd7 {[%clk 1:07:51]} 11. Nxd7 {[%clk 0:49:03]}  Qxd7 {[%clk 1:07:03]} 12. Ba3 {[%clk 0:48:21]}  dxc4 {[%clk 1:03:53]} 13. bxc4 {[%clk 0:44:03]}  Bh5 {[%clk 1:03:44]} 14. Bf3 {[%clk 0:44:03]}  Bxf3 {[%clk 1:03:50]} 15. Rxf3 {[%clk 0:43:48]}  Rfd8 {[%clk 0:59:50]} 16. Qb3 {[%clk 0:31:28]}  Ne4 {[%clk 0:51:59]} 0-1

[Event "Amateur Tournament (ATO)"]
[Site "https://www.chess.com"]
[Date "2025.07.21"]
[Round "6"]
[White "Ulmann, Olivier"]
[Black "Bracher, Juerg"]
[Result "0-1"]
[Board "16"]
[WhiteFideId "1316770"]
[BlackFideId "1337521"]
[WhiteElo "1733"]
[BlackElo "1848"]
[WhiteTeam "SUI"]
[BlackTeam "SUI"]
[WhiteClock "1:13:46"]
[BlackClock "1:15:04"]
[Variant "Standard"]

1. c4 {[%clk 1:30:54]}  e5 {[%clk 1:30:45]} 2. Nc3 {[%clk 1:31:16]}  Nf6 {[%clk 1:31:03]} 3. g3 {[%clk 1:31:28]}  Bb4 {[%clk 1:31:09]} 4. Qc2 {[%clk 1:31:32]}  Nc6 {[%clk 1:31:04]} 5. e3 {[%clk 1:31:52]}  O-O {[%clk 1:30:39]} 6. Bg2 {[%clk 1:32:02]}  Bxc3 {[%clk 1:29:40]} 7. Qxc3 {[%clk 1:32:13]}  d5 {[%clk 1:29:31]} 8. cxd5 {[%clk 1:30:19]}  Nxd5 {[%clk 1:29:40]} 9. Qb3 {[%clk 1:29:27]}  Ndb4 {[%clk 1:28:19]} 10. Bxc6 {[%clk 1:26:56]}  Nxc6 {[%clk 1:23:00]} 11. Ne2 {[%clk 1:23:01]}  Bh3 {[%clk 1:22:06]} 12. f4 {[%clk 1:19:00]}  Bg2 {[%clk 1:21:12]} 13. Rg1 {[%clk 1:19:04]}  Bd5 {[%clk 1:18:37]} 14. Qxb7 {[%clk 1:17:05]}  Nd4 {[%clk 1:17:52]} 15. Qxa8 {[%clk 1:13:39]}  Nf3+ {[%clk 1:15:04]} 16. Kf2 {[%clk 1:13:46]}  Bxa8 {[%clk 1:15:04]} 0-1

[Event "Amateur Tournament (ATO)"]
[Site "https://www.chess.com"]
[Date "2025.07.21"]
[Round "6"]
[White "Kleinhenz, Hans-Georg"]
[Black "Linder, Ernst"]
[Result "1-0"]
[Board "17"]
[WhiteFideId "4634438"]
[BlackFideId "1357735"]
[WhiteElo "1843"]
[BlackElo "1726"]
[WhiteTeam "GER"]
[BlackTeam "SUI"]
[WhiteClock "0:15:10"]
[BlackClock "0:27:51"]
[Variant "Standard"]

1. d4 {[%clk 1:30:56]}  d5 {[%clk 1:30:51]} 2. Nf3 {[%clk 1:31:13]}  Nf6 {[%clk 1:30:52]} 3. g3 {[%clk 1:31:26]}  c6 {[%clk 1:31:04]} 4. Bg2 {[%clk 1:30:55]}  e6 {[%clk 1:30:01]} 5. O-O {[%clk 1:30:51]}  Be7 {[%clk 1:30:00]} 6. c4 {[%clk 1:26:11]}  O-O {[%clk 1:29:51]} 7. b3 {[%clk 1:23:05]}  Nbd7 {[%clk 1:29:22]} 8. Bb2 {[%clk 1:22:23]}  Bd6 {[%clk 1:27:54]} 9. Nbd2 {[%clk 1:19:08]}  b6 {[%clk 1:25:11]} 10. Re1 {[%clk 1:15:24]}  Bb7 {[%clk 1:23:26]} 11. e3 {[%clk 1:09:43]}  Kh8 {[%clk 0:27:51]} 12. h4 {[%clk 0:15:10]} 1-0

[Event "Amateur Tournament (ATO)"]
[Site "https://www.chess.com"]
[Date "2025.07.21"]
[Round "6"]
[White "Navarini, Vincent"]
[Black "Nergard, Ole-Kristian"]
[Result "1/2-1/2"]
[Board "18"]
[WhiteFideId "1345249"]
[BlackFideId "1543156"]
[WhiteElo "1731"]
[BlackElo "1837"]
[WhiteTeam "SUI"]
[BlackTeam "NOR"]
[WhiteClock "0:05:36"]
[BlackClock "1:15:17"]
[Variant "Standard"]

1. d4 {[%clk 1:26:27]}  Nf6 {[%clk 1:19:13]} 2. c4 {[%clk 1:11:36]}  g6 {[%clk 1:19:30]} 3. Nc3 {[%clk 1:12:00]}  Bg7 {[%clk 1:19:54]} 4. e4 {[%clk 1:12:23]}  d6 {[%clk 1:20:22]} 5. Be2 {[%clk 1:12:42]}  O-O {[%clk 1:20:45]} 6. Bg5 {[%clk 1:13:00]}  h6 {[%clk 1:19:52]} 7. Be3 {[%clk 1:13:21]}  Nc6 {[%clk 1:19:54]} 8. f3 {[%clk 1:07:20]}  a6 {[%clk 1:20:01]} 9. Qd2 {[%clk 1:06:25]}  Kh7 {[%clk 1:20:28]} 10. g4 {[%clk 1:05:55]}  b5 {[%clk 1:19:43]} 11. cxb5 {[%clk 1:03:42]}  axb5 {[%clk 1:20:10]} 12. Bxb5 {[%clk 0:59:32]}  Na5 {[%clk 1:20:17]} 13. Qc2 {[%clk 0:56:53]}  c6 {[%clk 1:20:34]} 14. Be2 {[%clk 0:55:17]}  Qb6 {[%clk 1:20:44]} 15. Rb1 {[%clk 0:51:14]}  Ba6 {[%clk 1:15:50]} 16. Bxa6 {[%clk 0:41:43]}  Rxa6 {[%clk 1:14:56]} 17. Nge2 {[%clk 0:42:06]}  Nc4 {[%clk 1:11:58]} 18. Bf2 {[%clk 0:42:12]}  Rb8 {[%clk 1:11:15]} 19. O-O {[%clk 0:41:41]}  Nd7 {[%clk 1:09:06]} 20. Qd3 {[%clk 0:34:22]}  Na5 {[%clk 1:00:17]} 21. b4 {[%clk 0:32:15]}  Nb7 {[%clk 0:59:44]} 22. d5 {[%clk 0:25:40]}  c5 {[%clk 1:00:04]} 23. bxc5 {[%clk 0:23:30]}  Nbxc5 {[%clk 0:58:15]} 24. Rxb6 {[%clk 0:21:45]}  Raxb6 {[%clk 0:58:37]} 25. Qe3 {[%clk 0:17:10]}  Ne5 {[%clk 0:58:36]} 26. Rd1 {[%clk 0:17:10]}  Ned7 {[%clk 0:58:36]} 27. Rf1 {[%clk 0:17:10]}  Rb4 {[%clk 0:58:06]} 28. Rd1 {[%clk 0:16:22]}  Ne5 {[%clk 0:57:17]} 29. Kg2 {[%clk 0:09:43]}  Rb2 {[%clk 0:55:24]} 30. g5 {[%clk 0:05:49]}  hxg5 {[%clk 0:55:02]} 31. Qxg5 {[%clk 0:05:57]}  Bf6 {[%clk 0:53:22]} 32. Qg3 {[%clk 0:03:39]}  Ncd3 {[%clk 0:52:51]} 33. Bd4 {[%clk 0:03:02]}  R8b4 {[%clk 0:52:09]} 34. Bxe5 {[%clk 0:02:21]}  Nxe5 {[%clk 0:52:04]} 35. Qh3+ {[%clk 0:01:45]}  Kg7 {[%clk 0:52:22]} 36. Kf1 {[%clk 0:01:25]}  Nc4 {[%clk 0:52:10]} 37. Rd3 {[%clk 0:01:13]}  Rc2 {[%clk 0:51:24]} 38. f4 {[%clk 0:01:15]}  Rbb2 {[%clk 0:51:26]} 39. Qg4 {[%clk 0:00:48]}  Bxc3 {[%clk 0:50:31]} 40. Nxc3 {[%clk 0:00:49]}  Rxh2 {[%clk 0:50:07]} 41. Qg1 {[%clk 0:00:45]}  Nd2+ {[%clk 0:50:03]} 42. Ke1 {[%clk 0:00:48]}  Rc2 {[%clk 0:49:43]} 43. Qd4+ {[%clk 0:00:37]}  e5 {[%clk 0:49:36]} 44. Qg1 {[%clk 0:00:34]}  Nc4 {[%clk 0:48:49]} 45. Rf3 {[%clk 0:11:37]}  Rcg2 {[%clk 1:15:52]} 46. Qa7 {[%clk 0:06:02]}  Nd2 {[%clk 1:15:17]} 47. Rf1 {[%clk 0:05:36]} 1/2-1/2

[Event "Amateur Tournament (ATO)"]
[Site "https://www.chess.com"]
[Date "2025.07.21"]
[Round "6"]
[White "Rajendran, Ishaan"]
[Black "Hakvoort, Remy"]
[Result "1/2-1/2"]
[Board "19"]
[WhiteFideId "39910032"]
[BlackFideId "1047094"]
[WhiteElo "1725"]
[BlackElo "1834"]
[WhiteTeam "USA"]
[BlackTeam "NED"]
[WhiteClock "0:22:59"]
[BlackClock "0:54:23"]
[Variant "Standard"]

1. d4 {[%clk 1:30:58]}  d5 {[%clk 1:30:37]} 2. g3 {[%clk 1:31:21]}  Nf6 {[%clk 1:31:00]} 3. Bg2 {[%clk 1:31:45]}  e6 {[%clk 1:31:18]} 4. c4 {[%clk 1:32:10]}  Be7 {[%clk 1:31:08]} 5. Nf3 {[%clk 1:32:25]}  O-O {[%clk 1:31:05]} 6. O-O {[%clk 1:32:54]}  dxc4 {[%clk 1:29:45]} 7. Qa4 {[%clk 1:33:15]}  Bd7 {[%clk 1:29:47]} 8. Qxc4 {[%clk 1:33:31]}  Bc6 {[%clk 1:30:08]} 9. Nc3 {[%clk 1:31:00]}  a5 {[%clk 1:25:36]} 10. Re1 {[%clk 1:24:51]}  Bb4 {[%clk 1:21:55]} 11. a3 {[%clk 1:22:02]}  Bxc3 {[%clk 1:21:18]} 12. Qxc3 {[%clk 1:21:26]}  Nbd7 {[%clk 1:16:09]} 13. Bg5 {[%clk 1:16:01]}  h6 {[%clk 1:14:43]} 14. Bd2 {[%clk 1:12:11]}  Ne4 {[%clk 1:12:18]} 15. Qc2 {[%clk 1:11:34]}  Nxd2 {[%clk 1:12:20]} 16. Qxd2 {[%clk 1:11:47]}  Nf6 {[%clk 1:12:30]} 17. Rac1 {[%clk 1:10:38]}  Be4 {[%clk 1:09:36]} 18. Qf4 {[%clk 0:55:52]}  c6 {[%clk 1:08:26]} 19. Rcd1 {[%clk 0:47:03]}  Qb6 {[%clk 1:04:31]} 20. Rd2 {[%clk 0:41:23]}  Rad8 {[%clk 1:04:25]} 21. Red1 {[%clk 0:39:49]}  Rd5 {[%clk 0:58:57]} 22. Ne5 {[%clk 0:35:42]}  Bxg2 {[%clk 0:59:01]} 23. Kxg2 {[%clk 0:36:11]}  Rfd8 {[%clk 0:57:53]} 24. Nc4 {[%clk 0:26:55]}  Qa7 {[%clk 0:55:36]} 25. Ne3 {[%clk 0:23:54]}  R5d7 {[%clk 0:54:23]} 26. Qg4 {[%clk 0:22:59]} 1/2-1/2

[Event "Amateur Tournament (ATO)"]
[Site "https://www.chess.com"]
[Date "2025.07.21"]
[Round "6"]
[White "Nuh Nizar Hilmi"]
[Black "Ernst, Heinz"]
[Result "0-1"]
[Board "21"]
[WhiteFideId "48754498"]
[BlackFideId "1303295"]
[WhiteElo "1521"]
[BlackElo "1790"]
[WhiteTeam "IND"]
[BlackTeam "SUI"]
[WhiteClock "0:18:23"]
[BlackClock "0:14:33"]
[Variant "Standard"]

1. d4 {[%clk 1:28:45]}  d5 {[%clk 1:30:47]} 2. Nf3 {[%clk 1:26:59]}  Nf6 {[%clk 1:30:51]} 3. c4 {[%clk 1:27:21]}  e6 {[%clk 1:30:50]} 4. g3 {[%clk 1:26:57]}  c5 {[%clk 1:30:40]} 5. Nc3 {[%clk 1:25:21]}  Nc6 {[%clk 1:30:37]} 6. cxd5 {[%clk 1:24:14]}  exd5 {[%clk 1:30:44]} 7. Bg2 {[%clk 1:22:18]}  Be7 {[%clk 1:30:21]} 8. O-O {[%clk 1:22:19]}  O-O {[%clk 1:30:35]} 9. Bg5 {[%clk 1:20:47]}  Be6 {[%clk 1:26:38]} 10. e3 {[%clk 1:14:57]}  h6 {[%clk 1:12:12]} 11. Bxf6 {[%clk 1:09:23]}  Bxf6 {[%clk 1:12:26]} 12. Ne2 {[%clk 1:07:02]}  c4 {[%clk 1:09:12]} 13. Qd2 {[%clk 1:03:25]}  Qd6 {[%clk 1:03:37]} 14. Rfd1 {[%clk 0:59:15]}  Rad8 {[%clk 0:58:21]} 15. h3 {[%clk 0:51:54]}  Bf5 {[%clk 0:51:43]} 16. Ne1 {[%clk 0:51:32]}  a6 {[%clk 0:46:33]} 17. g4 {[%clk 0:43:29]}  Bh7 {[%clk 0:45:30]} 18. Nc3 {[%clk 0:43:29]}  Ne7 {[%clk 0:44:47]} 19. Nc2 {[%clk 0:39:55]}  b5 {[%clk 0:42:19]} 20. a3 {[%clk 0:40:00]}  Bxc2 {[%clk 0:37:08]} 21. Qxc2 {[%clk 0:39:50]}  Qc7 {[%clk 0:32:49]} 22. Rac1 {[%clk 0:38:19]}  Rd6 {[%clk 0:31:36]} 23. Qb1 {[%clk 0:33:16]}  Rfd8 {[%clk 0:30:48]} 24. b3 {[%clk 0:32:59]}  Rc6 {[%clk 0:30:13]} 25. Rc2 {[%clk 0:32:50]}  Qd7 {[%clk 0:26:46]} 26. a4 {[%clk 0:29:27]}  b4 {[%clk 0:25:52]} 27. Nxd5 {[%clk 0:28:55]}  Nxd5 {[%clk 0:21:01]} 28. bxc4 {[%clk 0:24:17]}  Rxc4 {[%clk 0:18:54]} 29. Rxc4 {[%clk 0:23:52]}  Nc3 {[%clk 0:19:01]} 30. Qxb4 {[%clk 0:21:33]}  Nxd1 {[%clk 0:18:38]} 31. Rc1 {[%clk 0:21:40]}  Nxe3 {[%clk 0:16:36]} 32. fxe3 {[%clk 0:21:32]}  Bg5 {[%clk 0:16:09]} 33. Kf2 {[%clk 0:20:23]}  Bh4+ {[%clk 0:14:33]} 34. Ke2 {[%clk 0:18:23]} 0-1

[Event "Amateur Tournament (ATO)"]
[Site "https://www.chess.com"]
[Date "2025.07.21"]
[Round "6"]
[White "Hasini Kamabathula"]
[Black "Van Bogaert, Olivier"]
[Result "1/2-1/2"]
[Board "22"]
[WhiteFideId "25712837"]
[BlackFideId "134178780"]
[WhiteElo "1624"]
[BlackElo "1793"]
[WhiteTeam "IND"]
[BlackTeam "SUI"]
[WhiteClock "0:35:25"]
[BlackClock "0:23:29"]
[Variant "Standard"]

1. e4 {[%clk 1:30:57]}  c5 {[%clk 1:30:41]} 2. Nf3 {[%clk 1:31:21]}  Nc6 {[%clk 1:30:56]} 3. d4 {[%clk 1:31:45]}  cxd4 {[%clk 1:31:19]} 4. Nxd4 {[%clk 1:32:11]}  e5 {[%clk 1:31:17]} 5. Nb5 {[%clk 1:32:34]}  d6 {[%clk 1:31:38]} 6. N1c3 {[%clk 1:32:49]}  a6 {[%clk 1:31:57]} 7. Na3 {[%clk 1:33:13]}  Be7 {[%clk 1:32:01]} 8. Nc4 {[%clk 1:32:15]}  b5 {[%clk 1:32:17]} 9. Ne3 {[%clk 1:32:30]}  Nf6 {[%clk 1:32:35]} 10. Ned5 {[%clk 1:31:32]}  O-O {[%clk 1:32:52]} 11. Be2 {[%clk 1:30:09]}  Nd4 {[%clk 1:26:38]} 12. Nxf6+ {[%clk 1:26:54]}  Bxf6 {[%clk 1:27:02]} 13. Be3 {[%clk 1:25:22]}  Be6 {[%clk 1:20:11]} 14. Bd3 {[%clk 1:21:08]}  Bg5 {[%clk 1:10:43]} 15. Qd2 {[%clk 1:17:24]}  Bxe3 {[%clk 1:10:43]} 16. Qxe3 {[%clk 1:17:42]}  Rc8 {[%clk 1:10:16]} 17. a3 {[%clk 1:13:00]}  Re8 {[%clk 0:58:27]} 18. O-O {[%clk 1:07:51]}  Rc5 {[%clk 0:47:37]} 19. Rac1 {[%clk 1:03:42]}  Qd7 {[%clk 0:45:20]} 20. Ne2 {[%clk 1:01:45]}  Nxe2+ {[%clk 0:41:04]} 21. Bxe2 {[%clk 1:01:57]}  Qc6 {[%clk 0:38:33]} 22. c3 {[%clk 0:57:57]}  Rc8 {[%clk 0:32:42]} 23. h3 {[%clk 0:41:42]}  d5 {[%clk 0:27:30]} 24. exd5 {[%clk 0:36:15]}  Bxd5 {[%clk 0:26:33]} 25. Bg4 {[%clk 0:35:19]}  Rf8 {[%clk 0:20:52]} 26. Bd7 {[%clk 0:29:45]}  Qc7 {[%clk 0:18:35]} 27. Rfd1 {[%clk 0:29:03]}  Bb3 {[%clk 0:13:57]} 28. Rd2 {[%clk 0:25:29]}  Rd5 {[%clk 0:08:59]} 29. Bg4 {[%clk 0:19:48]}  f5 {[%clk 0:08:47]} 30. Be2 {[%clk 0:15:29]}  f4 {[%clk 0:08:47]} 31. f3 {[%clk 0:12:56]}  e4 {[%clk 0:04:35]} 32. fxe4 {[%clk 0:09:49]}  g6 {[%clk 0:03:53]} 33. Kf2 {[%clk 0:09:27]}  g5 {[%clk 0:03:53]} 34. Kf3 {[%clk 0:07:59]}  Kg7 {[%clk 0:01:10]} 35. h4 {[%clk 0:06:19]}  h5 {[%clk 0:00:34]} 36. hxg5 {[%clk 0:35:25]}  h4 {[%clk 0:23:29]} 1/2-1/2

[Event "Amateur Tournament (ATO)"]
[Site "https://www.chess.com"]
[Date "2025.07.21"]
[Round "6"]
[White "Zarriess, Benjamin"]
[Black "Aegerter, Fabrice"]
[Result "0-1"]
[Board "23"]
[WhiteFideId "34606645"]
[BlackFideId "1344854"]
[WhiteElo "1741"]
[BlackElo "1922"]
[WhiteTeam "GER"]
[BlackTeam "SUI"]
[WhiteClock "0:26:24"]
[BlackClock "0:02:34"]
[Variant "Standard"]

1. e4 {[%clk 1:30:56]}  e5 {[%clk 1:30:47]} 2. Nf3 {[%clk 1:31:16]}  Nc6 {[%clk 1:31:10]} 3. Nc3 {[%clk 1:31:35]}  Nf6 {[%clk 1:30:42]} 4. Bb5 {[%clk 1:31:49]}  Bc5 {[%clk 1:23:36]} 5. O-O {[%clk 1:31:37]}  d6 {[%clk 1:22:01]} 6. d4 {[%clk 1:29:53]}  exd4 {[%clk 1:22:00]} 7. Nxd4 {[%clk 1:30:12]}  Bd7 {[%clk 1:12:44]} 8. Nf5 {[%clk 1:29:26]}  Rg8 {[%clk 1:05:10]} 9. a3 {[%clk 1:18:33]}  a6 {[%clk 1:01:11]} 10. Bd3 {[%clk 1:13:16]}  Ne7 {[%clk 0:54:48]} 11. Ne3 {[%clk 1:08:49]}  Be6 {[%clk 0:45:29]} 12. b4 {[%clk 1:05:25]}  Ba7 {[%clk 0:44:53]} 13. Bd2 {[%clk 1:02:34]}  g5 {[%clk 0:39:38]} 14. Qf3 {[%clk 0:58:54]}  Ng6 {[%clk 0:38:06]} 15. Ned5 {[%clk 0:53:06]}  Ng4 {[%clk 0:19:24]} 16. Qg3 {[%clk 0:43:40]}  h5 {[%clk 0:18:22]} 17. h3 {[%clk 0:43:40]}  h4 {[%clk 0:17:38]} 18. Qf3 {[%clk 0:43:43]}  N6e5 {[%clk 0:16:18]} 19. Qe2 {[%clk 0:42:22]}  c6 {[%clk 0:11:37]} 20. Ne3 {[%clk 0:40:41]}  Nxe3 {[%clk 0:11:05]} 21. Bxe3 {[%clk 0:39:21]}  Bxe3 {[%clk 0:11:13]} 22. Qxe3 {[%clk 0:32:56]}  g4 {[%clk 0:10:32]} 23. Kh2 {[%clk 0:33:11]}  Qf6 {[%clk 0:09:36]} 24. Ne2 {[%clk 0:28:22]}  gxh3 {[%clk 0:08:54]} 25. gxh3 {[%clk 0:28:16]}  Nf3+ {[%clk 0:07:43]} 26. Kh1 {[%clk 0:27:57]}  Bxh3 {[%clk 0:07:16]} 27. Rg1 {[%clk 0:26:58]}  Nxg1 {[%clk 0:07:08]} 28. Rxg1 {[%clk 0:26:18]}  Rxg1+ {[%clk 0:06:03]} 29. Nxg1 {[%clk 0:26:24]}  Bg4 {[%clk 0:02:34]} 0-1

[Event "Amateur Tournament (ATO)"]
[Site "https://www.chess.com"]
[Date "2025.07.21"]
[Round "6"]
[White "Meise, Volker"]
[Black "Pinelli, Gian"]
[Result "0-1"]
[Board "24"]
[WhiteFideId "12903434"]
[BlackFideId "1348710"]
[WhiteElo "1715"]
[BlackElo "1841"]
[WhiteTeam "GER"]
[BlackTeam "SUI"]
[WhiteClock "0:16:04"]
[BlackClock "0:07:13"]
[Variant "Standard"]

1. e4 {[%clk 1:30:56]}  c6 {[%clk 1:30:53]} 2. d4 {[%clk 1:31:17]}  d5 {[%clk 1:31:18]} 3. exd5 {[%clk 1:31:23]}  cxd5 {[%clk 1:31:37]} 4. c4 {[%clk 1:31:28]}  Nf6 {[%clk 1:31:52]} 5. Nc3 {[%clk 1:31:13]}  g6 {[%clk 1:31:39]} 6. Nf3 {[%clk 1:30:38]}  Bg7 {[%clk 1:29:01]} 7. Bf4 {[%clk 1:26:24]}  O-O {[%clk 1:27:13]} 8. Be2 {[%clk 1:23:32]}  Nc6 {[%clk 1:23:44]} 9. O-O {[%clk 1:18:36]}  Bg4 {[%clk 1:19:26]} 10. c5 {[%clk 1:01:17]}  Re8 {[%clk 1:04:59]} 11. h3 {[%clk 0:55:38]}  Bf5 {[%clk 1:04:59]} 12. Ne5 {[%clk 0:49:46]}  Nd7 {[%clk 0:54:58]} 13. Nf3 {[%clk 0:38:38]}  Nf8 {[%clk 0:52:22]} 14. Qd2 {[%clk 0:33:48]}  f6 {[%clk 0:48:01]} 15. g4 {[%clk 0:29:47]}  Bc8 {[%clk 0:45:08]} 16. Rac1 {[%clk 0:24:58]}  e5 {[%clk 0:26:41]} 17. dxe5 {[%clk 0:23:17]}  fxe5 {[%clk 0:18:58]} 18. Bg5 {[%clk 0:22:18]}  Qd7 {[%clk 0:12:52]} 19. Nxd5 {[%clk 0:16:04]}  Qf7 {[%clk 0:07:13]} 0-1

[Event "Amateur Tournament (ATO)"]
[Site "https://www.chess.com"]
[Date "2025.07.21"]
[Round "6"]
[White "Rubeck, Jonathan"]
[Black "Bellm, Juergen"]
[Result "1-0"]
[Board "25"]
[WhiteFideId "435678"]
[BlackFideId "533007349"]
[WhiteElo "1832"]
[BlackElo "1728"]
[WhiteTeam "ENG"]
[BlackTeam "GER"]
[WhiteClock "0:48:18"]
[BlackClock "0:40:09"]
[Variant "Standard"]

1. e4 {[%clk 1:30:55]}  c6 {[%clk 1:30:40]} 2. d4 {[%clk 1:31:20]}  d5 {[%clk 1:31:06]} 3. e5 {[%clk 1:31:46]}  Bf5 {[%clk 1:31:25]} 4. h4 {[%clk 1:32:04]}  h6 {[%clk 1:30:55]} 5. g4 {[%clk 1:32:21]}  Bg6 {[%clk 1:28:27]} 6. h5 {[%clk 1:32:11]}  Bh7 {[%clk 1:27:11]} 7. e6 {[%clk 1:32:30]}  fxe6 {[%clk 1:26:59]} 8. Bd3 {[%clk 1:32:50]}  Nf6 {[%clk 1:13:47]} 9. Bxh7 {[%clk 1:31:35]}  Nxh7 {[%clk 1:14:10]} 10. Ne2 {[%clk 1:28:30]}  Nf6 {[%clk 1:06:19]} 11. f3 {[%clk 1:26:45]}  Kd7 {[%clk 0:40:09]} 12. Rg1 {[%clk 0:48:18]} 1-0

[Event "Amateur Tournament (ATO)"]
[Site "https://www.chess.com"]
[Date "2025.07.21"]
[Round "6"]
[White "Mogasale, Chetan"]
[Black "Hottinger, Ieremia"]
[Result "1-0"]
[Board "26"]
[WhiteFideId "1356615"]
[BlackFideId "1359185"]
[WhiteElo "1811"]
[BlackElo "1734"]
[WhiteTeam "SUI"]
[BlackTeam "SUI"]
[WhiteClock "1:11:52"]
[BlackClock "0:17:28"]
[Variant "Standard"]

1. e4 {[%clk 1:30:56]}  c5 {[%clk 1:30:45]} 2. Nc3 {[%clk 1:31:18]}  e6 {[%clk 1:30:47]} 3. f4 {[%clk 1:31:37]}  Nc6 {[%clk 1:30:44]} 4. Nf3 {[%clk 1:31:50]}  d6 {[%clk 1:30:12]} 5. Bb5 {[%clk 1:32:07]}  Bd7 {[%clk 1:29:47]} 6. d3 {[%clk 1:31:51]}  a6 {[%clk 1:29:27]} 7. Bxc6 {[%clk 1:31:55]}  Bxc6 {[%clk 1:29:26]} 8. O-O {[%clk 1:31:58]}  Be7 {[%clk 1:26:35]} 9. Qe1 {[%clk 1:32:09]}  d5 {[%clk 1:25:11]} 10. Qg3 {[%clk 1:31:39]}  g6 {[%clk 1:24:53]} 11. f5 {[%clk 1:30:16]}  exf5 {[%clk 1:24:12]} 12. exf5 {[%clk 1:30:18]}  Nf6 {[%clk 1:12:47]} 13. Bh6 {[%clk 1:21:27]}  d4 {[%clk 1:08:07]} 14. Ne4 {[%clk 1:18:31]}  Nxe4 {[%clk 1:07:25]} 15. dxe4 {[%clk 1:17:57]}  Qb6 {[%clk 1:02:55]} 16. Bg7 {[%clk 1:16:41]}  Rg8 {[%clk 0:56:24]} 17. f6 {[%clk 1:16:31]}  Bf8 {[%clk 0:48:22]} 18. Bxf8 {[%clk 1:16:20]}  O-O-O {[%clk 0:42:59]} 19. Be7 {[%clk 1:14:33]}  Rde8 {[%clk 0:40:17]} 20. Ne5 {[%clk 1:14:26]}  Bb5 {[%clk 0:32:42]} 21. Rfe1 {[%clk 1:12:29]}  Qe6 {[%clk 0:31:44]} 22. Qg4 {[%clk 1:11:44]}  Rxe7 {[%clk 0:27:59]} 23. fxe7 {[%clk 1:11:36]}  f5 {[%clk 0:23:10]} 24. exf5 {[%clk 1:10:43]}  gxf5 {[%clk 0:23:13]} 25. Qh3 {[%clk 1:10:24]}  Qxe7 {[%clk 0:20:53]} 26. Qxf5+ {[%clk 1:10:28]}  Bd7 {[%clk 0:17:56]} 27. Nxd7 {[%clk 1:10:49]}  Qxd7 {[%clk 0:18:06]} 28. Qxc5+ {[%clk 1:11:13]}  Qc6 {[%clk 0:17:12]} 29. Qxc6+ {[%clk 1:11:33]}  bxc6 {[%clk 0:17:28]} 30. Re7 {[%clk 1:11:52]} 1-0